| 000 | 00363nam a2200145Ia 4500 | ||
|---|---|---|---|
| 008 | 230917s9999||||xx |||||||||||||| ||und|| | ||
| 040 |
_e123109 _aMAIN |
||
| 041 | _aEnglish | ||
| 082 | _a005.74 D451I | ||
| 100 | _aDesai, Bipin C | ||
| 245 | 0 | _aIntroduction to database systems | |
| 260 |
_aNew Delhi _bGalgotia _c2007 |
||
| 300 | _axx p. ; 934p. | ||
| 942 | _cBK | ||
| 999 |
_c143165 _d143165 |
||